000 00345cam a2200145ua 4500
041 _aeng
_h
082 _a828.08355
_bPRI/JO
100 _aPriestley, J B .
245 _aJourney down a rainbow /
_cJ B Priestley.
_hTextual Documents
300 _a288 ; .
504 _a
700 1 _aHawkes, Jacquetta .
942 _cBK
999 _c4729
_d4729